Štetcom i perom : na pomoc názornej agitácii v poľnohospodárstve /

Hlavní autor: Kotouček, Jiří, 1928-
Jazyk: Čeština
Vydáno: Bratislava : Vydavateľstvo politickej literatúry, 1963
Vydání: 1. vyd.
Fyzický popis: 96 s.
Knihy
Uloženo v:
LEADER 00669nam a22002052a 4500
001 001367569
003 CZ BrMZK
005 20140310140231.0
007 ta
008 140217s1963 xo er|||||||||||cze d
040 |a ABA001  |b cze  |c ABA001  |d BOA001 
100 1 |a Kotouček, Jiří,  |d 1928-  |7 mzk2004175573  |4 aut 
245 1 0 |a Štetcom i perom :  |b na pomoc názornej agitácii v poľnohospodárstve /  |c Jiří Kotouček 
250 |a 1. vyd. 
260 |a Bratislava :  |b Vydavateľstvo politickej literatúry,  |c 1963 
300 |a 96 s. 
910 |a BOA001  |b 2-0507.949 
990 |a BK 
991 |b 201402 
996 7 |b 2619048021  |c 2-0507.949  |l HP2  |r DEN  |n 1  |w 001402533  |u 000010  |a 1  |e BOA001  |j MZK50  |s A